Innovation trends in the space industry (Record no. 4512)

MARC details
000 -CABECERA
campo de control de longitud fija 03744cam a22002897a 4500
001 - NÚMERO DE CONTROL
campo de control 21211565
005 - FECHA Y HORA DE LA ÚLTIMA TRANSACCIÓN
campo de control 20250221125432.0
008 - DATOS DE LONGITUD FIJA--INFORMACIÓN GENERAL
campo de control de longitud fija 190919s2020 enka b 001 0 eng d
010 ## - NÚMERO DE CONTROL DE LA BIBLIOTECA DEL CONGRESO
Número de control de LC 2019950868
020 ## - NÚMERO INTERNACIONAL ESTÁNDAR DEL LIBRO
Número Internacional Estándar del Libro 9781786304919
035 ## - NÚMERO DE CONTROL DEL SISTEMA
Número de control de sistema (OCoLC)on1129193213
040 ## - FUENTE DE LA CATALOGACIÓN
Centro catalogador/agencia de origen YDX
Lengua de catalogación eng
Centro/agencia transcriptor YDX
Centro/agencia modificador BDX
-- OCLCQ
-- LHL
-- OCLCF
-- OCLCQ
-- OCLCO
-- OCLCQ
-- OCLCO
-- OCLCQ
-- DLC
042 ## - CÓDIGO DE AUTENTICACIÓN
Código de autenticación lccopycat
050 00 - SIGNATURA TOPOGRÁFICA DE LA BIBLIOTECA DEL CONGRESO
Número de clasificación TL797
Número de documento/Ítem .D67 2020
100 ## - ENTRADA PRINCIPAL--NOMBRE DE PERSONA
Nombre de persona Dos Santos Paulino, Victor.
9 (RLIN) 24832
245 10 - MENCIÓN DE TÍTULO
Título Innovation trends in the space industry
Mención de responsabilidad, etc. / Victor Dos Santos Paulino.
260 ## - PUBLICACIÓN, DISTRIBUCIÓN, ETC.
Lugar de publicación, distribución, etc. London :
Nombre del editor, distribuidor, etc. ISTE, Ltd. ;
Lugar de publicación, distribución, etc. Hoboken :
Nombre del editor, distribuidor, etc. Wiley,
Fecha de publicación, distribución, etc. 2020.
300 ## - DESCRIPCIÓN FÍSICA
Extensión xxi, 195 pages :
Otras características físicas illustrations ;
Dimensiones 24 cm
490 1# - MENCIÓN DE SERIE
Mención de serie Smart innovation set ;
Designación de volumen o secuencia v. 25
504 ## - NOTA DE BIBLIOGRAFÍA, ETC.
Nota de bibliografía, etc. Includes bibliographical references and index.
505 ## - NOTA DE CONTENIDO CON FORMATO
Nota de contenido con formato Theoretical and Empirical Framework<br/><br/>— Innovation management — introductory elements<br/>— Diversity and legitimacy of innovation<br/>— Typology of innovations<br/>— Developing product innovations<br/>— The industry cycle<br/><br/>— The space industry<br/>— Why study the space industry?<br/>— Sources and level of analysis<br/>— The boundaries of the space industry<br/>— Structure of the space industry —<br/><br/>The Emergence of Industry — The Influence of Demand<br/><br/>— The space industry is in the emerging phase<br/>— Emergence as an object of study<br/>— Characterizing emergence<br/>— Sources and measurements<br/><br/>— Customers shape the industry dynamics in the emergence phase<br/>— Theoretical framework<br/>— Sources<br/>— Influence of customers on the emergence of the space industry<br/>— Discussion and implications<br/><br/>— Demand influences technological change<br/>— Sources — data and indicators<br/>— Loss of impetus resulting in technical change<br/>— Influence of demand on technological change<br/><br/>Slow Adoption of Innovations — A Key Success Factor<br/><br/>— Slow adoption of technological innovations — a key success factor<br/>— Inertia — a literature review<br/>— Modeling a strategy of technological inertia based on reliability<br/><br/>— Slow adoption of organizational innovations — a key success factor<br/>— Organizational change — a literature review<br/>— Modeling the organizational inertia strategy<br/><br/>Technological Discontinuities and Strategic Diagnosis<br/><br/>— Disruptive innovations and threat analysis<br/>— The theory of disruptive innovations<br/>— Model
520 ## - SUMARIO, ETC.
Sumario, etc. Ever since their inception, space activities have been innovative, but not driven by commercial considerations - that is, until the end of the Cold War, when the commercialization of space escalated. As a result, the direction of the innovation changed in order to leverage new business opportunities, which reached a turning point in the 2010s. This book discusses the developmental trends of the world space sector in detail, by analyzing their long-term evolution, and studying why this innovative industry sometimes experiences technological and organizational delays. Innovation Trends in the Space Industry also provides a framework to diagnose more accurately the potential technological threats that are currently faced by existing space tech manufacturers. Moreover, this book, with an economic perspective, provides a close examination of the space sector. It also contributes to enriching innovation management theory by leading us to better understand industry emergence shaped by customers, to reinterpret technological and organizational inertia in high technology activities, and to refine disruptive innovation trends.
650 #0 - PUNTO DE ACCESO ADICIONAL DE MATERIA--TÉRMINO DE MATERIA
Término de materia o nombre geográfico como elemento de entrada Outer Space - Industrialization
9 (RLIN) 1807
650 #0 - PUNTO DE ACCESO ADICIONAL DE MATERIA--TÉRMINO DE MATERIA
Término de materia o nombre geográfico como elemento de entrada Astronautics
Subdivisión general Technological innovations.
830 #0 - PUNTO DE ACCESO ADICIONAL DE SERIE-TÍTULO UNIFORME
Título uniforme Innovation, entrepreneurship, management series.
Nombre de parte o sección de la obra Smart innovation set ;
Designación de volumen o secuencia v. 25.
942 ## - ELEMENTOS DE ENTRADA AGREGADA (KOHA)
Fuente del sistema de clasificación o colocación Clasificación de Library of Congress
Holdings
Estado de retiro Estado de pérdida Fuente del sistema de clasificación o colocación Estado dañado No para préstamo Biblioteca de origen Biblioteca actual Fecha de adquisición Total de préstamos Signatura topográfica completa Fecha visto por última vez Número de copia Precio válido a partir de Tipo de ítem Koha Nota pública
    Clasificación de Library of Congress     TBS Barcelona TBS Barcelona 21/02/2025   TL797 DOS 21/02/2025 1 21/02/2025 Book It is not in the library. It is displayed in the showcase of the desk on floor 0.

Powered by Koha